| 000 | 00575nam a2200181 a 4500 | ||
|---|---|---|---|
| 001 | 1182 | ||
| 003 | CDMR | ||
| 005 | 20130916120508.0 | ||
| 008 | 130130s1965||||||||||||||||||||||||||||d | ||
| 040 |
_aCDMR _bcat _cCDMR |
||
| 100 | 1 |
_aSainz de Robles, Federico Carlos _9926 |
|
| 245 | 1 | 0 |
_aEnsayo de un diccionario de la literatura _cFederico Carlos Sainz de Robles |
| 250 | _a3a ed. corr. | ||
| 260 |
_aMadrid _c1965 _bAguilar |
||
| 300 | _a2 v. | ||
| 505 | _aConté: I. Términos, conceptos, "ismos" literarios ; II. Escritores españoles e hispanoamericanos | ||
| 942 |
_cMON _2udc |
||
| 999 |
_c1182 _d1182 |
||